| 000 | 00449nam a2200169Ia 4500 | ||
|---|---|---|---|
| 003 | LK-CoDNM | ||
| 008 | 010623t1922 xxu||||| |||| 00| 1 sin d | ||
| 040 |
_aLK-CoDNM _dLK-CoDNM _eLK-CoDNM |
||
| 041 | _asin | ||
| 080 | _a104 D.9 | ||
| 100 | _aJayabahu Thero,Devarakshita | ||
| 245 | _aනිකාය සංග්රහය | ||
| 246 | _aNikaya Sangraha | ||
| 260 |
_bK.D. Perera Son _aColombo _c1922 |
||
| 300 | _b28p., 21 cm | ||
| 942 | _cBK | ||
| 999 |
_c91239 _d91239 |
||